000 00410nam a2200169Ia 4500
008 230524s9999 xx 000 0 und d
020 _a9780143425779
082 _bNEH
100 _aJawaharlal Nehur
_941734
245 0 _aLatter for a Nation
250 _a1
260 _aNew Delhi
_bPenguin Book
_c2015
300 _a334p;
500 _aQuantity Number: 1
650 _aMisalliance
_941735
942 _cBK
999 _c56190
_d56190